|
|
|
|
| LEADER |
00000nab a2200000 a 4500 |
| 001 |
vtls000743645 |
| 003 |
SK-MaSNL |
| 005 |
20260302193810.0 |
| 008 |
180207c2000 xo 0 slo |
| 015 |
|
|
|a SNBRB2001/01-02275
|
| 035 |
|
|
|a CLN000095482
|
| 040 |
|
|
|a SNKBUCL
|b slo
|c SNKBUCL
|e AACR2
|
| 041 |
0 |
|
|a slo
|
| 044 |
|
|
|a xo
|c SK
|
| 080 |
|
|
|a 31:336.7(437.6)
|2 UDC-MRF-SK2
|
| 080 |
|
|
|a 336.7(437.6):31
|2 UDC-MRF-SK2
|
| 080 |
|
|
|a 336.77(437.6):31
|2 UDC-MRF-SK2
|
| 110 |
1 |
|
|a Slovensko.
|b Štatistický úrad
|4 aut
|
| 245 |
0 |
0 |
|a Úvery a peňažná zásoba v septembri 2000
|c Štatistický úrad Slovenskej republiky
|
| 300 |
|
|
|b Tab.
|
| 650 |
0 |
7 |
|a zásoba peňažná
|x úvery
|x Slovensko
|y september 2000
|x štatistika
|2 snkbucl
|9 913021
|
| 650 |
0 |
7 |
|a úvery
|2 snkbucl
|9 2375
|
| 655 |
|
7 |
|a články z novín a časopisov
|2 snkbucl
|9 267496
|
| 773 |
0 |
|
|t Bulletin
|g Č. 10 (2000), s. A1-A4
|
| 850 |
|
|
|a Slovenská národná knižnica v Martine
|
| 852 |
|
|
|a SNK
|b KIS3GCP
|
| 958 |
|
|
|a RBX
|
| 999 |
|
|
|c 1445984
|d 1447914
|